Good charts work book : Típ, tools, and exercises for making better data visualizations

The original Good Charts changed the landscape by helping readers understand how to think visually and by laying out a process for creating powerful data visualizations. Now, the Good Charts Workbook provides tools, exercises, and practical insights to help people in all kinds of enterprises gain th...

Täydet tiedot

Tallennettuna:
Bibliografiset tiedot
Päätekijä: Berinato, Scott
Aineistotyyppi: Kirja
Kieli:Undetermined
Julkaistu: Boston, Massachusetts Harvard Business Review Press 2019
Aiheet:
Tagit: Lisää tagi
Ei tageja, Lisää ensimmäinen tagi!
Thư viện lưu trữ: Trung tâm Học liệu Trường Đại học Cần Thơ
LEADER 00975nam a2200205Ia 4500
001 CTU_236297
008 210402s9999 xx 000 0 und d
082 |a 658.452 
082 |b B511 
100 |a Berinato, Scott 
245 0 |a Good charts work book : 
245 0 |b Típ, tools, and exercises for making better data visualizations 
245 0 |c Scott Berinato 
260 |a Boston, Massachusetts 
260 |b Harvard Business Review Press 
260 |c 2019 
520 |a The original Good Charts changed the landscape by helping readers understand how to think visually and by laying out a process for creating powerful data visualizations. Now, the Good Charts Workbook provides tools, exercises, and practical insights to help people in all kinds of enterprises gain the skills they need to get started. 
650 |a Communication in management.,Thuyết trình trong kinh doanh 
910 |b dqhieu 
980 |a Trung tâm Học liệu Trường Đại học Cần Thơ